<?xml version="1.0" encoding="UTF-8"?>
<record
    xmlns:xsi="http://www.w3.org/2001/XMLSchema-instance"
    xsi:schemaLocation="http://www.loc.gov/MARC21/slim http://www.loc.gov/standards/marcxml/schema/MARC21slim.xsd"
    xmlns="http://www.loc.gov/MARC21/slim">

  <leader>00971nam a22002657a 4500</leader>
  <controlfield tag="001">2375</controlfield>
  <controlfield tag="003">FISKH</controlfield>
  <controlfield tag="005">20250827150027.0</controlfield>
  <controlfield tag="008">231121b        cb ||||| |||| 00| 0 eng d</controlfield>
  <datafield tag="020" ind1=" " ind2=" ">
    <subfield code="a">9789814281133</subfield>
  </datafield>
  <datafield tag="040" ind1=" " ind2=" ">
    <subfield code="a">FISKH </subfield>
    <subfield code="b">eng</subfield>
    <subfield code="c">FISKH </subfield>
    <subfield code="d">FISKH </subfield>
  </datafield>
  <datafield tag="050" ind1=" " ind2=" ">
    <subfield code="a">PZ7 </subfield>
  </datafield>
  <datafield tag="082" ind1=" " ind2=" ">
    <subfield code="a">428.6</subfield>
  </datafield>
  <datafield tag="100" ind1=" " ind2=" ">
    <subfield code="a">Giles, Jenny </subfield>
  </datafield>
  <datafield tag="245" ind1=" " ind2=" ">
    <subfield code="a">Little red riding hood /</subfield>
    <subfield code="c">Retold by Jenny Giles ; illustrated by Karin Ryan </subfield>
  </datafield>
  <datafield tag="260" ind1=" " ind2=" ">
    <subfield code="a">Victoria : </subfield>
    <subfield code="b">PM library, </subfield>
    <subfield code="c">1998.</subfield>
  </datafield>
  <datafield tag="300" ind1=" " ind2=" ">
    <subfield code="a">32 pages : </subfield>
    <subfield code="b">color illustrations ; </subfield>
    <subfield code="c">22 cm </subfield>
  </datafield>
  <datafield tag="505" ind1=" " ind2=" ">
    <subfield code="a">J
</subfield>
  </datafield>
  <datafield tag="520" ind1=" " ind2=" ">
    <subfield code="a">This well-known story was collected by both Perrault (France, 1690's) and the Brothers Grimm(Germany, 1820's.) Many traditional tales have crossed the language boundaries in this way. Set in a German forest, circa 1700.</subfield>
  </datafield>
  <datafield tag="521" ind1="8" ind2=" ">
    <subfield code="a">460
</subfield>
    <subfield code="b">Lexile
</subfield>
  </datafield>
  <datafield tag="521" ind1="8" ind2=" ">
    <subfield code="a">J
</subfield>
    <subfield code="b">Raz-Plus
</subfield>
  </datafield>
  <datafield tag="650" ind1=" " ind2=" ">
    <subfield code="a">Little red riding hood </subfield>
    <subfield code="v">Juvenile literature </subfield>
  </datafield>
  <datafield tag="700" ind1=" " ind2=" ">
    <subfield code="a">Ryan, Karin </subfield>
    <subfield code="e">illustrator </subfield>
  </datafield>
  <datafield tag="942" ind1=" " ind2=" ">
    <subfield code="2">ddc</subfield>
    <subfield code="c">BK</subfield>
    <subfield code="n">0</subfield>
  </datafield>
  <datafield tag="999" ind1=" " ind2=" ">
    <subfield code="c">2375</subfield>
    <subfield code="d">2375</subfield>
  </datafield>
  <datafield tag="952" ind1=" " ind2=" ">
    <subfield code="0">0</subfield>
    <subfield code="1">0</subfield>
    <subfield code="2">ddc</subfield>
    <subfield code="4">0</subfield>
    <subfield code="7">0</subfield>
    <subfield code="8">JUVF</subfield>
    <subfield code="a">001</subfield>
    <subfield code="b">001</subfield>
    <subfield code="c">TK Blue</subfield>
    <subfield code="d">2023-11-21</subfield>
    <subfield code="l">2</subfield>
    <subfield code="o">GIL 428.6 PZ7 </subfield>
    <subfield code="p">FISTK00875</subfield>
    <subfield code="r">2026-03-26 08:12:02</subfield>
    <subfield code="s">2026-03-19</subfield>
    <subfield code="t">1</subfield>
    <subfield code="w">2023-11-21</subfield>
    <subfield code="y">BK</subfield>
  </datafield>
  <datafield tag="952" ind1=" " ind2=" ">
    <subfield code="0">0</subfield>
    <subfield code="1">0</subfield>
    <subfield code="2">ddc</subfield>
    <subfield code="4">0</subfield>
    <subfield code="7">0</subfield>
    <subfield code="8">JUVF</subfield>
    <subfield code="a">001</subfield>
    <subfield code="b">001</subfield>
    <subfield code="c">TK Blue</subfield>
    <subfield code="d">2024-07-16</subfield>
    <subfield code="l">2</subfield>
    <subfield code="o">GIL 428.6 PZ7 </subfield>
    <subfield code="p">FISTK04033</subfield>
    <subfield code="r">2025-09-11 08:17:54</subfield>
    <subfield code="s">2025-02-04</subfield>
    <subfield code="t">2</subfield>
    <subfield code="w">2024-07-16</subfield>
    <subfield code="y">BK</subfield>
  </datafield>
  <datafield tag="952" ind1=" " ind2=" ">
    <subfield code="0">0</subfield>
    <subfield code="1">0</subfield>
    <subfield code="2">ddc</subfield>
    <subfield code="4">0</subfield>
    <subfield code="7">0</subfield>
    <subfield code="8">JUVF</subfield>
    <subfield code="a">002</subfield>
    <subfield code="b">002</subfield>
    <subfield code="c">TTP Dark Blue</subfield>
    <subfield code="d">2025-06-23</subfield>
    <subfield code="l">0</subfield>
    <subfield code="o">GIL 428.6 PZ7 </subfield>
    <subfield code="p">FISBK06398</subfield>
    <subfield code="r">2025-06-23 10:17:16</subfield>
    <subfield code="t">3</subfield>
    <subfield code="w">2025-06-23</subfield>
    <subfield code="y">BK</subfield>
  </datafield>
  <datafield tag="952" ind1=" " ind2=" ">
    <subfield code="0">0</subfield>
    <subfield code="1">0</subfield>
    <subfield code="2">ddc</subfield>
    <subfield code="4">0</subfield>
    <subfield code="7">0</subfield>
    <subfield code="8">JUVF</subfield>
    <subfield code="a">002</subfield>
    <subfield code="b">001</subfield>
    <subfield code="c">TTP Dark Blue</subfield>
    <subfield code="d">2025-08-20</subfield>
    <subfield code="l">2</subfield>
    <subfield code="o">GIL 428.6 PZ7 </subfield>
    <subfield code="p">FISTK04034</subfield>
    <subfield code="q">2026-05-14</subfield>
    <subfield code="r">2026-04-30 09:05:17</subfield>
    <subfield code="s">2026-04-30</subfield>
    <subfield code="t">4</subfield>
    <subfield code="w">2025-08-20</subfield>
    <subfield code="y">BK</subfield>
  </datafield>
  <datafield tag="952" ind1=" " ind2=" ">
    <subfield code="0">0</subfield>
    <subfield code="1">0</subfield>
    <subfield code="2">ddc</subfield>
    <subfield code="4">0</subfield>
    <subfield code="7">0</subfield>
    <subfield code="8">JUVF</subfield>
    <subfield code="a">002</subfield>
    <subfield code="b">002</subfield>
    <subfield code="c">TTP Dark Blue</subfield>
    <subfield code="d">2025-08-27</subfield>
    <subfield code="l">1</subfield>
    <subfield code="o">GIL 428.6 PZ7 </subfield>
    <subfield code="p">FISBK06397</subfield>
    <subfield code="r">2025-11-21 08:04:41</subfield>
    <subfield code="s">2025-11-14</subfield>
    <subfield code="t">5</subfield>
    <subfield code="w">2025-08-27</subfield>
    <subfield code="y">BK</subfield>
  </datafield>
</record>
